Hermsdorf - von Ochelhermsdorf bis Hinterhermsdorf
| Titel: | Hermsdorf - von Ochelhermsdorf bis Hinterhermsdorf : kleiner Wegweiser durch Geschichte und Gegenwart aller Orte des Namens "Hermsdorf" / Hans-Joachim Arnold. [In Zusammenarbeit mit dem Förderkreis für Bildung, Kultur und Internationale Beziehungen Reinickendorf e.V.] |
|---|---|
| Verfasser: | |
| Veröffentlicht: | Berlin [u.a.] : H.-J. Arnold[u.a.], 2013 |
| Umfang: | 268 S. : zahlr. Ill., Kt. ; 25 cm |
| Format: | Buch |
| Sprache: | Deutsch |
| RVK-Notation: |
·
|
| ISBN: | 9783000402234 |
| Hinweise zum Inhalt: |
Inhaltsverzeichnis
|
alg: 34806546
001A $06000:02-10-14
001B $06055:18-03-26 $t20:36:02.000
001C $06000:02-10-14 $t19:03:37.000
001D $06000:02-10-14
001U $0utf8
001X $00
002@ $0Aax
003@ $0348065469
004A $A978-3-00-040223-4 $fPp. : EUR 15.80 (DE), EUR 16.30 (AT), sfr 22.90 (freier Pr.)
004K $09783000402234
006C $0843464292
006G $01031597182
006H $0TOCNEUA1440 $2DNB
006T $013,N10
006U $014,B40 $f20130222
007A $01031597182 $aDNB
007T $0Herdc0106870m
009P $qapplication/pdf $A2 $3Inhaltsverzeichnis $uhttp://d-nb.info/1031597182/04 $mB:DE-101
010@ $ager
011@ $a2013
017A $asf
021A $aHermsdorf - von Ochelhermsdorf bis Hinterhermsdorf $dkleiner Wegweiser durch Geschichte und Gegenwart aller Orte des Namens "Hermsdorf" $hHans-Joachim Arnold. [In Zusammenarbeit mit dem Förderkreis für Bildung, Kultur und Internationale Beziehungen Reinickendorf e.V.]
028A $71160216126 $8Arnold, Hans-Joachim$Z1936- [Tp3] $9432112014
033A $pBerlin {[u.a.] $nH.-J. Arnold{[u.a.]
034D $a268 S.
034I $a25 cm
034M $azahlr. Ill., Kt.
044K $RGeografischer Name $#Toponymy $#Toponymie $#Ortsname $#Historischer Ortsname $#Siedlungsname $#Toponym $#Toponymikon $#Ortsnamen $D20251120 $Ecgmnf $74043950-1 $8Ortsname [Ts1] $9085122882
044K $RName $#Names, Geographical $#Noms géographiques $#Toponimi $#Nombres geográficos $#Geographischer Name $#Geografische Onomatologie $#Geografische Namen $D20251120 $Ecgmnf $74130377-5 $8Geografischer Name [Ts1] $9085460664
044K $ROrtsname $#Stadt Ortsname $#Stadt Name $#Städtename $D20251120 $Ecgmnf $74182750-8 $8Stadtname [Ts1] $9085880337
044K $RGeografischer Name $D20251120 $Ecgmnf $74632516-5 $8Exonym [Ts1] $9098034006
045E $c910
045F $a910.014 $eDDC22ger
045F/01 $a910.014
045Z $D20251120 $Ecgmnf $8NR 1700 [Tkv] $9410921610
045Z $D20251120 $Ecgmnf $8NZ 14420 [Tkv] $9410955620
lok: 34806546 78
exp: 34806546 78 1 #EPN
201B/01 $026-11-17 $t00:35:35.000
201U/01 $0utf8
203@/01 $0791739651
208@/01 $a12-11-16 $be
209A/01 $a/ $f000 $x00
220C/01 $aTitelaufnehmer: pg
220C/01 $aHerkunft: HI Marburg
237A/01 $aBetr. auch Schlesien (83-118) und Böhmen/Mähren (131-145)
244Z/01 $2Trx $#Silesia $#Śląsk $#Sliezsko $#Slezsko $8--Trx--Schlesien $x01 $9391173987
244Z/01 $2Trx $#Poola $#Lenkija $#Polija $#Polen Land $#Poland $#Lengyelország $#Poľsko $#Polsko $8--Trx--Polska$gkraj $x02 $9391345966
244Z/01 $#Tschechien $#Tschechische Republik $#Tschechien $#Tschechische Republik $#Tschechenland $#Tschechei Tschechien $#Česká Republika $#Czech Republic $#ČR $74303381-7 $8--Tg1--Tschechien $x03 $9086659812
244Z/01 $2Trx $#Böhmen $#Bohemia $#Czechy $8--Trx--Čechy $x04 $9391188941
244Z/01 $2Trx $#Prusy Wschodnie i Zachodnie $8--Trx--Ost- und Westpreußen $x05 $939113373X
244Z/01 $2Trx $#nimeteadus asukohad $#onomastika vietovardžiai $#onomatology places $#névtan helységek $#onomastyka, miejscowości $#onomastika miesta $#onomastika místa $#Toponomie $#toponomastyka $#toponomastika $8--Trx--Namenkunde$gOrte $x06 $9391383450
244Z/01 $2Trx $8--Trx--Monographie $x07 $9391384546
245Z/01 $a11.07 $x01
247C/01 $82080>Marburg/Lahn, Herder-Institut, Forschungsbibliothek, Bibliographieportal $9336309341
| LEADER | 00000cam a22000002c 4500 | ||
|---|---|---|---|
| 001 | 348065469 | ||
| 003 | DE-603 | ||
| 005 | 20260318203602.0 | ||
| 007 | tu | ||
| 008 | 141002s2013 xx |||| | u00||u|ger | ||
| 015 | |a 14,B40 |z 13,N10 |2 dnb | ||
| 016 | 7 | |2 DE-101 |a 1031597182 | |
| 020 | |a 9783000402234 |c Pp. : EUR 15.80 (DE), EUR 16.30 (AT), sfr 22.90 (freier Pr.) | ||
| 024 | 3 | |a 9783000402234 | |
| 035 | |a (DE-599)DNB1031597182 | ||
| 040 | |a DE-603 |b ger |c DE-603 |d DE-603 | ||
| 041 | |a ger | ||
| 082 | 0 | 4 | |8 1\u |a 910.014 |q DE-101 |2 22/ger |
| 084 | |a 910 |q DE-101 |2 sdnb | ||
| 084 | |a NR 1700 |0 (DE-625)129176: |0 (DE-603)410921610 |2 rvk | ||
| 084 | |a NZ 14420 |0 (DE-625)132575: |0 (DE-603)410955620 |2 rvk | ||
| 085 | |8 1\u |b 910.014 | ||
| 090 | |a b | ||
| 100 | 1 | |a Arnold, Hans-Joachim |d 1936- |0 (DE-603)432112014 |0 (DE-588)1160216126 |2 gnd | |
| 245 | 0 | 0 | |a Hermsdorf - von Ochelhermsdorf bis Hinterhermsdorf |b kleiner Wegweiser durch Geschichte und Gegenwart aller Orte des Namens "Hermsdorf" |c Hans-Joachim Arnold. [In Zusammenarbeit mit dem Förderkreis für Bildung, Kultur und Internationale Beziehungen Reinickendorf e.V.] |
| 264 | 1 | |a Berlin [u.a.] |b H.-J. Arnold[u.a.] |c 2013 | |
| 300 | |a 268 S. |b zahlr. Ill., Kt. |c 25 cm | ||
| 650 | 7 | |a Ortsname |0 (DE-588)4043950-1 |0 (DE-603)085122882 |2 gnd | |
| 650 | 7 | |a Geografischer Name |0 (DE-588)4130377-5 |0 (DE-603)085460664 |2 gnd | |
| 650 | 7 | |a Stadtname |0 (DE-588)4182750-8 |0 (DE-603)085880337 |2 gnd | |
| 650 | 7 | |a Exonym |0 (DE-588)4632516-5 |0 (DE-603)098034006 |2 gnd | |
| 856 | 4 | 2 | |m B:DE-101 |q application/pdf |u http://d-nb.info/1031597182/04 |3 Inhaltsverzeichnis |
| 924 | 0 | |9 2080 |a (DE-603)791739651 |b DE-2080 |c HES |d d |g / | |


